Evaluation of disaster-related mobile application accuracy in giving real-time disaster information / (Record no. 23539)
[ view plain ]
| 000 -LEADER | |
|---|---|
| fixed length control field | 00682nam a22001697a 4500 |
| 005 - DATE AND TIME OF LATEST TRANSACTION | |
| control field | 20260410103537.0 |
| 008 - FIXED-LENGTH DATA ELEMENTS--GENERAL INFORMATION | |
| fixed length control field | 250219b |||||||| |||| 00| 0 eng d |
| 082 ## - DEWEY DECIMAL CLASSIFICATION NUMBER | |
| Edition number | 2023 |
| Classification number | UT |
| 100 ## - MAIN ENTRY--PERSONAL NAME | |
| Personal name | Panta, Bryan C. |
| 9 (RLIN) | 65611 |
| 245 ## - TITLE STATEMENT | |
| Title | Evaluation of disaster-related mobile application accuracy in giving real-time disaster information / |
| Statement of responsibility, etc. | Bryan C. Panta, Mark Anthony S. Cariñosa, and John Rein S. Dotollo |
| 260 ## - PUBLICATION, DISTRIBUTION, ETC. (IMPRINT) | |
| Place of publication, distribution, etc. | Digos City : |
| Name of publisher, distributor, etc. | UMDC, |
| Date of publication, distribution, etc. | ©August 2023, |
| 300 ## - PHYSICAL DESCRIPTION | |
| Extent | vii, 39 pages : |
| Other physical details | illustration (some colors) ; |
| Dimensions | 29 cm. |
| 500 ## - GENERAL NOTE | |
| General note | Includes references and appendices. |
| 700 ## - ADDED ENTRY--PERSONAL NAME | |
| Personal name | Cariñosa, Mark Anthony S. |
| 9 (RLIN) | 65612 |
| 700 ## - ADDED ENTRY--PERSONAL NAME | |
| Personal name | Dotollo, John Rein S. |
| 9 (RLIN) | 65613 |
| 942 ## - ADDED ENTRY ELEMENTS (KOHA) | |
| Source of classification or shelving scheme | Dewey Decimal Classification |
| Koha item type | Undergraduate Thesis |
| Withdrawn status | Lost status | Source of classification or shelving scheme | Damaged status | Not for loan | Collection code | Home library | Current library | Date acquired | Total Checkouts | Full call number | Date last seen | Price effective from | Koha item type |
|---|---|---|---|---|---|---|---|---|---|---|---|---|---|
| Dewey Decimal Classification | Undergraduate Theses | UM Digos College - LIC | UM Digos College - LIC | 10/08/2024 | UT | 02/19/2025 | 02/19/2025 | Undergraduate Thesis |
